Egyre nő a Szeged környéki gyümölcsösök exportja tanácskozás az exportáru-értékesítés feladatairól

Elmentve itt :
Bibliográfiai részletek
Dokumentumtípus: Cikk
Megjelent: 1962-11-22
Sorozat:Délmagyarország 52 No. 273
Kulcsszavak:Budahegyi József, Sas Béla, Mezőgazdaság fejlődés őszibarack 1962, gyümölcstermesztés
Online Access:http://dmarchiv.bibl.u-szeged.hu/68100
LEADER 00568nab a2200145 i 4500
001 delm68100
005 20180927153802.0
008 180927s1962 hu o 0|| hun d
040 |a SZTE Délmagyarország Archívum  |b hun 
041 |a hun 
245 0 0 |a Egyre nő a Szeged környéki gyümölcsösök exportja   |h [elektronikus dokumentum] :  |b tanácskozás az exportáru-értékesítés feladatairól 
260 |c 1962-11-22 
300 |a 5 
490 0 |a Délmagyarország  |v 52 No. 273 
695 |a Budahegyi József, Sas Béla, Mezőgazdaság fejlődés őszibarack 1962, gyümölcstermesztés